000 00627nam a2200241 a 4500
001 nice12345678
003 IN_TiNIC
005 20260116013336.0
008 050524s1997 jaia grp 000 0 eng
020 _a8186326
_c350
082 0 0 _a294.5921
_bRAM
100 _aRamanathan, A S
245 _aVedic Concept of Aatman
_b Logic of Vedic Thought-3
260 _aJaipur
_bRajasthan Patrika
_c1997
300 _a132p.
500 _aincludes index and biblioraphy
505 2 _aBibliography, Index
650 _aVedas-Hinduism
700 1 _aRamanathan, A S
902 _bSRS
942 _cBK
999 _c10623
_d10623